Cuentos morales dedicados á la infancia / (Registro nro. 167433)

Detalles MARC
000 -LEADER
campo de control de longitud fija 00634nam a22001935i 4500
001 - NÚMERO DE CONTROL
campo de control 167433
003 - IDENTIFICADOR DE NÚMERO DE CONTROL
campo de control ES-MaACL
005 - FECHA Y HORA DE LA ÚLTIMA TRANSACCIÓN
campo de control 20230906213528.0
008 - DATOS DE LONGITUD FIJA--INFORMACIÓN GENERAL
campo de control de longitud fija 050927s1885 sp | |||||||| ||spa d
100 1# - ENTRADA PRINCIPAL--NOMBRE DE PERSONA
Nombre de persona Vidal, Diego.
9 (RLIN) 133689
245 10 - MENCIÓN DEL TÍTULO
Título Cuentos morales dedicados á la infancia /
Mención de responsabilidad, etc. por Diego Vidal.
250 ## - MENCION DE EDICION
Mención de edición 11ª ed.
260 ## - PUBLICACIÓN, DISTRIBUCIÓN, ETC.
Lugar de publicación, distribución, etc. Madrid :
Nombre del editor, distribuidor, etc. [D. Vidal],
Fecha de publicación, distribución, etc. 1885 (
Fabricante Imp. de Hernando)
300 ## - DESCRIPCIÓN FÍSICA
Extensión 158 p. ;
Dimensiones 16 cm.
650 #4 - PUNTO DE ACCESO ADICIONAL DE MATERIA--TÉRMINO DE MATERIA
Término de materia o nombre geográfico como elemento de entrada Cuentos infantiles.
9 (RLIN) 135854
700 1# - ENTRADA AGREGADA--NOMBRE PERSONAL
Nombre de persona Hernando.
9 (RLIN) 127891
752 ## - ENTRADA AGREGADA--NOMBRE JERÁRQUICO DEL LUGAR
País o entidad superior España -
Ciudad Madrid
852 4# - LOCALIZACIÓN
Ubicación ES-MaACL
Número de control de estantería G-10351
Nota libre - Enc. editorial hol.
-- - Dedicatoria autógrafa del autor
Existencias
Estatus retirado Estado de pérdida Estado de daño No para préstamo Colección Biblioteca de origen Biblioteca actual Ubicación en estantería Fecha de adquisición Fuente de adquisición Total de préstamos Signatura topográfica completa Código de barras Visto por última vez Precio de reemplazo Tipo de ítem Koha
        Libros del s. XIX Biblioteca del Ateneo de Madrid Biblioteca del Ateneo de Madrid Sala Pecera Planta 3 17/01/2008     G-10351 1175645 23/02/2023 23/02/2023 Libro impreso antiguo